LEADER 01599nam 2200433 450 001 000007931 005 20100927123045.0 010 $a88-06-04111-8 100 $a20010321d1983----km-y0itay0103----ba 101 1 $aita 102 $aIT 200 1 $aGirotondo$fArthur Schnitzler$ga cura di Paolo Chiarini 205 $a3. ed 210 $aTorino$cEinaudi$d1983 215 $aIX, 73 p.$d18 cm 225 2 $aCollezione di teatro$v189 410 0$12001$aCollezione di teatro$v189 500 10$aReigen$m$918574 676 $a832.8$v(20. ed.)$9Letteratura drammatica tedesca. 1856-1900 700 1$aSchnitzler,$bArthur$0320902 702 1$aChiarini,$bPaolo 801 0$aIT$bUniversità della Basilicata - B.I.A.$gRICA$2unimarc 912 $a000007931 996 $aReigen$918574 997 $aUNIBAS BAS $aLETTERE CAT $aSCATTONE$b01$c20010321$lBAS01$h1702 CAT $aTROMBONE$b20$c20010404$lBAS01$h1018 CAT $c20050601$lBAS01$h1754 CAT $abatch$b01$c20050718$lBAS01$h1049 CAT $c20050718$lBAS01$h1108 CAT $c20050718$lBAS01$h1138 CAT $c20050718$lBAS01$h1153 CAT $aBATCH$b00$c20070503$lBAS01$h1734 CAT $aTTM$b30$c20100927$lBAS01$h1220 CAT $aTTM$b30$c20100927$lBAS01$h1230 FMT Z30 -1$lBAS01$LBAS01$mBOOK$1BASA1$APolo Storico-Umanistico$2FMAS$BFondo Masini$3FMas/817/3702$6817/3702$5B817/3702$820100927$f04$FPrestabile Didattica Z30 -1$lBAS01$LBAS01$mBOOK$1BASA1$APolo Storico-Umanistico$2GEN$BCollezione generale$3FP/9531$69531$5L9531$820010321$f02$FPrestabile Generale LEADER 00936nam0-2200277 --450 001 9910840095003321 005 20240329111243.0 010 $a978-88-13-38027-4 100 $a20240329d2022----kmuy0itay5050 ba 101 0 $aita 102 $aIT 105 $a 001yy 200 1 $aDiritto pubblico dell'Islam mediterraneo$elinee evolutive degli ordinamenti nordafricani contemporanei: Marocco, Algeria, Tunisia, Libia, Egitto$fCiro Sbailò 205 $a2. ed. riveduta e ampliata 210 $aMilano$cWolters Kluwer CEDAM$d2022 215 $aXXVI, 149 p.$d24 cm 225 1 $aCISR$eCentro italiano per lo sviluppo della ricerca$v71 676 $a340.59$v23$zita 700 1$aSbailò,$bCiro$0411614 801 0$aIT$bUNINA$gREICAT$2UNIMARC 901 $aBK 912 $a9910840095003321 952 $aI F 216 (71)$b2024/18$fFGBC 959 $aFGBC 996 $aDiritto pubblico dell'Islam mediterraneo$91078811 997 $aUNINA